000 00560nam a2200193Ia 4500
005 20250326142250.0
008 250326s9999 xx 000 0 und d
020 _a0-471-85413-1
037 _aTextbook
040 _aFMSL
_beng
_cFMSL
041 _aeng
_2eng
084 _aX:89Q M8
_qFMSL
100 _aHay E J
_9745839
245 0 _aJust in time breakthrough : Implementing the new manufacturing basics
_cHay E J
260 _aNew York
_bNew York, Johan Wiley
_c1988
300 _a237p
942 _cTB
_hX:89Q M8
999 _c1294205
_d1294205